00489nam a2200169Ia 45000030006000000080041000060400015000471000020000622450044000822500010001262600009001365460012001459420012001579990017001690050017001869520116002030STCL150530s9999 xx 000 0 und d aSTCLcSTCL aJanardhan, P.B. aPhysico chemical techniques of analysis aFirst c1965 aEnglish 2ddccBK c32157d3215720220125170237.0 00102ddc4070aSTCALbSTCALcGENd2015-05-30g32.00l0o541.3-302p24970r2015-05-30 00:00:00w2015-05-30yBK